Fundamental accounting principles

Αποθηκεύτηκε σε:
Λεπτομέρειες βιβλιογραφικής εγγραφής
Κύριος συγγραφέας: Larson, Kermit D.
Άλλοι συγγραφείς: Chiappetta, Barbara
Μορφή: Βιβλίο
Γλώσσα:English
Δημοσίευση: Chicago : Irwin, c1996
Έκδοση:14th ed.
Θέματα:
Ετικέτες: Προσθήκη ετικέτας
Δεν υπάρχουν, Καταχωρήστε ετικέτα πρώτοι!

MARC

LEADER 00000nam a2200000 i 4500
001 1/52039
008 970122s1996 eng d
020 |a 0-256-16449-5 
035 |l 10027273 
040 |a GR-MY-UA  |b gre  |e aacr 
041 0 |a eng 
082 0 |a 657 
100 1 |a Larson, Kermit D. 
245 1 0 |a Fundamental accounting principles /  |c Kermit D. Larson, Barbara Chiappetta 
250 |a 14th ed. 
260 |a Chicago :   |b Irwin,   |c c1996 
300 |a xxix, 985 σ. 
504 |a Περιλαμβάνει ευρετήριο 
650 0 0 |a Accounting. 
700 1 |a Chiappetta, Barbara. 
852 |a INST  |b CHIOS  |e 19970122  |h 657 LAR  |p 005200010793  |q 005200010793  |t BK  |y 0 
909 |a Χ  |b 049204